| 000 | 01097nam a2200301 i 4500 | ||
|---|---|---|---|
| 001 | bg | ||
| 003 | BPK | ||
| 005 | 20200630132829.0 | ||
| 008 | 080911s1956 pl a f f |000 0 pol | ||
| 015 | _aPB 1956/3975 | ||
| 040 |
_aWA N _cBPK |
||
| 080 | _a517.2/.3 | ||
| 080 | _a(075.8) | ||
| 100 | 1 |
_aLeja, Franciszek _d(1885-1979). _eAutor |
|
| 245 | 1 | 0 |
_aRachunek różniczkowy i całkowy : _bze wstępem do równań różniczkowych / _cFranciszek Leja. |
| 250 | _aWyd. 4 popr. | ||
| 260 |
_aWarszawa : _bPaństwowe Wydawnictwo Naukowe, _c1956. |
||
| 300 |
_a423, [1] s. : _bil. ; _c24 cm. |
||
| 490 | 1 |
_aBiblioteka Matematyczna ; _vt. 2. |
|
| 500 | _aPodręcznik zatwierdzony prze Ministerstwo Szkolnictwa Wyższego. | ||
| 655 | 4 | _aPodręczniki akademickie | |
| 650 | 4 | _aRachunek całkowy | |
| 650 | 4 | _aRachunek różniczkowy | |
| 710 | 2 |
_aPaństwowe Wydawnictwo Naukowe _4pbl. |
|
| 830 | 0 |
_aBiblioteka Matematyczna, _vt. 2. |
|
| 856 |
_uhttp://koha.tu.koszalin.pl/cgi-bin/koha/opac-detail.pl?biblionumber=20218 _yKatalog online BPK |
||
| 942 |
_2UKD _cKS |
||
| 999 |
_c20218 _d20218 |
||